00437 a2200181 4500260001000000245007600010300001100086260001000097650001600107650002300123260000900146300001000155100000700165630004100172650000600213100001800219020001800237 bSIREY aLa Cassacition en matière civile, mise à jour au 31 décembre 1987 a113 p. aParis aDroit civil aProcédure civile c1988 b24 cm lFr aDroit, législation, administration aG aBORE, Jacques a2-248-00612-8